LEADER 01868nam a2200337 i 4500 001 991002057289707536 005 20020508185737.0 008 980323s1986 it ||| | ita 035 $ab10952846-39ule_inst 035 $aPARLA153729$9ExL 040 $aDip.to Scienze Storiche Fil. e Geogr.$bita 110 2 $aAssociazione per il Medioevo e l'umanesimo latini$0326752 245 10$aAspetti della letteratura latina nel secolo 13. :$batti del primo Convegno internazionale di studi dell'Associazione per il Medioevo e l'umanesimo latini (AMUL), Perugia 3-5 ottobre 1983 /$ca cura di Claudio Leonardi e Giovanni Orlandi ; prefazione alla ristampa di Massimo Oldoni 260 $aSpoleto :$bCentro italiano di studi sull'alto medioevo,$c1986 300 $aXVII, 317 p. ;$c22 cm. 490 0 $aQuaderni del "Centro per il collegamento degli studi medievali e umanistici nell'Universitą di Perugia" ;$v15 500 $aBibliografia. 650 4$aCongressi$y1983 650 4$aLetteratura latina medievale$xCongressi 1983 700 1 $aLeonardi, Claudio 700 1 $aOrlandi, Giovanni 710 2 $aCentro italiano di studi sull'alto medioevo 710 2 $aUniversitą di Perugia. Centro per il collegamento degli studi medievali e umanistici 907 $a.b10952846$b23-02-17$c28-06-02 912 $a991002057289707536 945 $aLE007 00 LEO 02.02$g1$i2015000011800$lle007$n2013 n.c.$o-$pE0.00$q-$rl$s- $t0$u1$v0$w1$x0$y.i11060645$z28-06-02 945 $aLE009 MSM VIII Coll.16/15$g1$i2009000075009$lle009$o-$pE0.00$q-$rn$so $t0$u2$v1$w2$x0$y.i11060633$z28-06-02 945 $aLE009 MSM VIII COLL.16/15BIS$g2$i2009000398238$lle009$o-$pE0.00$q-$rn$so $t0$u1$v0$w1$x0$y.i13053620$z12-01-04 996 $aAspetti della letteratura latina nel secolo 13.$9863221 997 $aUNISALENTO 998 $ale007$a(2)le009$b01-01-98$cm$da $e-$fita$git $h0$i3 LEADER 01451nam 2200517 450 001 9910817719803321 005 20230808205318.0 010 $a1-119-27492-3 010 $a1-119-27491-5 010 $a1-119-27493-1 035 $a(CKB)4330000000009864 035 $a(MiAaPQ)EBC4537744 035 $a(Au-PeEL)EBL4537744 035 $a(CaPaEBR)ebr11218293 035 $a(CaONFJC)MIL928556 035 $a(OCoLC)951220196 035 $a(EXLCZ)994330000000009864 100 $a20160624h20162016 uy 0 101 0 $aeng 135 $aurcnu|||||||| 181 $2rdacontent 182 $2rdamedia 183 $2rdacarrier 200 10$aChart patterns $eafter the buy /$fThomas Bulkowski 210 1$aHoboken, New Jersey :$cWiley,$d2016. 210 4$d©2016 215 $a1 online resource (555 pages) $cillustrations, graphs 225 1 $aWiley Trading Series 300 $aIncludes index. 311 $a1-119-27490-7 410 0$aWiley trading series. 606 $aStocks$vCharts, diagrams, etc 606 $aCommodity futures$vCharts, diagrams, etc 606 $aInvestment analysis 615 0$aStocks 615 0$aCommodity futures 615 0$aInvestment analysis. 676 $a332.632042 700 $aBulkowski$b Thomas$01647028 801 0$bMiAaPQ 801 1$bMiAaPQ 801 2$bMiAaPQ 906 $aBOOK 912 $a9910817719803321 996 $aChart patterns$93994373 997 $aUNINA